| 000 | 01306nam a2200277Ia 4500 | ||
|---|---|---|---|
| 999 |
_c34838 _d34838 |
||
| 001 | 649 | ||
| 003 | GE_BSU | ||
| 005 | 20251024142849.0 | ||
| 008 | 181216s2003||||ge |||||||||||||| ||geo|| | ||
| 020 | _a9994020005 | ||
| 040 | _cGE_BSU | ||
| 041 | _ageo | ||
| 080 | _a577.356(075.8) კ–41 | ||
| 100 |
_aკერესელიძე, ზელიმხან _926108 |
||
| 245 |
_aზღვებისა და მტკნარი წყლების ბიოლოგია / _cზელიმხან კერესელიძე; [რედ.: გ. ქაჯაია]. |
||
| 264 |
_aთბილისი : _bთბილისის უნივერსიტეტის გამ–ბა, _c2003. |
||
| 300 | _a203გვ. | ||
| 541 | _h7ლ. | ||
| 653 | _aბიოლოგია | ||
| 653 | _aზღვების ბიოლოგია | ||
| 653 | _aმტკნარი წყლების ბიოლოგია | ||
| 653 | _aწყალსატევების ბიოლოგიური ანალიზი. | ||
| 653 | _aდაბინძურების გავლენა წყალსატევების ბინადრებზე. | ||
| 700 |
_aქაჯაია, გ. _eრედაქტორი _92594 |
||
| 942 |
_cBK _2udc |
||